000 01532cam a22004217a 4500
001 000094963
003 CHAP
005 20220329143050.0
008 051128d2005 mx r 00110 spa d
010 _a91429
011 _a92401
035 _a102965
040 _cCHAP
090 _aTesis
100 0 0 _aGarcía Lira, Carlos.
_946201
245 1 0 _aFactibilidad técnico-económica para producir cordero para abasto bajo condiciones de pastoreo intensivo tecnificado en Miguel Auza, Zacatecas /
_c/por Carlos García Lira.
260 _aChapingo, Méx. :
_bEl autor,
_c2005.
300 _a107 h.
502 _aTesis (Ing. Agr. Esp. en Zootecnia) - - UACH. Departamento de Zootecnia
590 _aALEPH
_b10
_c20130110
_lUCH01
_h1508
590 _aBATCH-UPD
_b10
_c20130110
_lUCH01
_h0715
590 _aBATCH-UPD
_b10
_c20130410
_lUCH01
_h0400
590 _aBATCH-UPD
_b10
_c20130914
_lUCH01
_h1514
590 _aBATCH-UPD
_b10
_c20140324
_lUCH01
_h1452
590 _aBATCH-UPD
_b10
_c20141002
_lUCH01
_h0827
590 _aCONVERSION
_b10
_c20130109
_lUCH01
_h1351
590 _aE792CSJ
_b10
_c20130618
_lUCH01
_h1119
650 1 4 _aGanado lanar
_xPastoreo.
_945209
650 1 4 _aGanado lanar
_xProducción.
_945214
650 1 4 _aPastoreo.
_985984
856 _3Finding aid
_uhttp://10.13.5.2/tesis/102965.pdf
_zTeclea aquí
901 _aBK
905 _aLilia
942 _cCD
942 _n0
949 _aTesis
_bBC
_cTES
_d33724000969887
_eTS1
_h44410
_i102965
_sb
949 _aTesis
_bBC
_cTES
_d33724000970539
_eTS2
_fc.2
_h44411
_i102965
_si
999 _c91429
_d91429